书目信息 |
| 题名: |
2006硕士学位研究生入学资格考试
|
|
| 作者: | 王武镝 主编 | |
| 分册: | 语文模拟试题与解析 | |
| 出版信息: | 北京 清华大学出版社 2006.06 |
|
| 页数: | 219页 | |
| 开本: | 23cm | |
| 丛书名: | ||
| 单 册: | ||
| 中图分类: | H1-44 | |
| 科图分类: | ||
| 主题词: | 语文--yu wen--研究生--入学考试--试题 | |
| 电子资源: | ||
| ISBN: | 7-302-13044-2 | |
| 000 | 00940nam0 2200229 450 | |
| 001 | 012006228437 | |
| 005 | 20061129162449.51 | |
| 010 | @a7-302-13044-2@dCNY20.00 | |
| 100 | @a20061112d2006 km y0chiy0120 ea | |
| 101 | 0 | @achi |
| 102 | @aCN@b110000 | |
| 105 | @aa q 000yy | |
| 200 | 1 | @a2006硕士学位研究生入学资格考试@A2006 shuo shi xue wei yan jiu sheng ru xue zi ge kao shi@i语文模拟试题与解析@f王武镝主编@Fwang wu di zhu bian |
| 210 | @a北京@c清华大学出版社@d2006.06 | |
| 215 | @a219页@c图@d23cm | |
| 330 | @a本书以国务院学位办《硕士学位研究生入学资格考试指南》中的样题为依据,针对硕士学位考生的特点,编写了10套模拟试题,每套题后均有参考答案及简要说明。书后还附了2003年至2005年GCT考试的语文试卷。 | |
| 517 | 1 | @a语文模拟试题与解析@Ayu wen mo ni shi ti yu jie xi |
| 606 | 0 | @a语文@Ayu wen@x研究生@x入学考试@j试题 |
| 690 | @aH1-44@v4 | |
| 701 | 0 | @a王武镝@Awang wu di@4主编 |
| 801 | 0 | @aCN@c20061129 |
| 905 | @a10447@dH1-44@eW370 | |
| 2006硕士学位研究生入学资格考试.语文模拟试题与解析/王武镝主编.-北京:清华大学出版社,2006.06 |
| 219页:图;23cm |
| ISBN 7-302-13044-2:CNY20.00 |
| 本书以国务院学位办《硕士学位研究生入学资格考试指南》中的样题为依据,针对硕士学位考生的特点,编写了10套模拟试题,每套题后均有参考答案及简要说明。书后还附了2003年至2005年GCT考试的语文试卷。 |
| ● |
| 相关链接 |
|
|
|
正题名:2006硕士学位研究生入学资格考试
索取号:H1-44/W370
 
预约/预借
| 序号 | 登录号 | 条形码 | 馆藏地/架位号 | 状态 | 备注 |
| 1 | 227336 | 202273360 | 语言库209/209语言库 70排1列4层/ [索取号:H1-44/W370] | 在馆 | |
| 2 | 227337 | 202273379 | 语言库209/209语言库 70排1列4层/ [索取号:H1-44/W370] | 在馆 | |
| 3 | 227338 | 202273388 | 语言库209/209语言库 70排1列4层/ [索取号:H1-44/W370] | 在馆 |